000 01083cam a22002531i 4500
008 160826s2017 moua bd 000 0 eng
020 _a9780323222051
020 _a0323222056
050 0 0 _aR121
_b.M89 2017
082 0 0 _a610.3
245 0 0 _aMosby's dictionary of medicine, nursing & health professions.
250 _aTenth edition.
260 _aMissouri
_bElsevier Ltd
_c2017
300 _axiv, A-43, 2005 pages :
_billustrations (chiefly color) ;
520 _a"Regarded as one of the most respected and widely used health professions references, this all-inclusive dictionary helps you make sense of the complex world of health care. It includes detailed entries that give you the knowledge needed to communicate effectively with colleagues in various disciplines and is an indispensable guide to use throughout your career"--Page 4 of cover.
650 0 _aMedicine
_vDictionaries.
650 0 _aNursing
_vDictionaries.
650 1 2 _aMedicine
650 2 2 _aNursing
650 2 2 _aAllied Health Occupations
650 7 _aMedicine.
650 7 _aNursing.
942 _cBK
999 _c2643
_d2643